000 01487nam0a2200349 4500
001 RU\NLR\BIBL_A\022325995
005 20260420014656.0
010 _a978-5-90219-030-1
_9500
021 _aRU
_bКН-П-24-045743
_9КН-П-24-4552
035 _a(NLR Aleph) 022325995
090 _a13665237
_c13665237
100 _a20240917d2024 k y0rusy50 ca
101 0 _arus
102 _aRU
105 _ac z 000zy
181 0 _ai3
_baxxe
182 0 _an
200 1 _aРоссия XXI века
_e[монография]
_fГ. Х. Попов
203 _aТекст
_bвизуальный
_cнепосредственный
210 _aМосква
_cВикор Медиа
_d2024
215 _a247 с.
_cпортр.
_d22
225 1 _aСерия "И летопись окончена моя..."
320 _aБиблиогр. в подстроч. примеч.
607 _aРоссийская Федерация
_xСоциально-экономическое развитие
_z21 в.
_92640564
_3RU\NLR\AUTH\6601746258
607 _aРоссийская Федерация
_xПолитические процессы
_92073289
_3RU\NLR\AUTH\661248178
686 1 _aУ9(2)-18(2Р)
686 1 _aФ3(2)3
700 1 _7ca
_8rus
_aПопов
_bГ. Х.
_cд-р экон. наук; полит. деятель
_f1936-
_gГавриил Харитонович
_913474
_3RU\NLR\AUTH\7730454
942 _cBOOK
980 _aNB